000 00607nam a2200181 i 4500
001 84275
003 ES-MaACL
005 20230906175003.0
007 t|
008 041122s1949 sp ||||1| spa d
100 1 _aIriarte, Joaquín (
_d1894-1970)
_965437
245 1 3 _aLa ruta mental de Ortega
_b: crítica de su filosofía /
_cpor Joaquín Iriarte.
260 _aMadrid :
_bFax,
_c[1949] (
_fBolaños y Aguilar)
300 _a180 p. ;
_c19 cm.
600 1 4 _aOrtega y Gasset, José,
_d1883-1955-
_xCrítica e interpretación
_987505
852 _aES-MaACL
_jB-8162
_bR.29478
999 _c84275
_d84275